[Event "Bern op"]
[Site "Bern"]
[Date "1992.??.??"]
[Round "6"]
[White "Yakovich, Yuri"]
[Black "Barle, Janez"]
[Result "0-1"]
[WhiteElo "2525"]
[BlackElo "2430"]
[Annotator "Kortschnoj,V"]
[PlyCount "84"]
[EventDate "1992.02.??"]
[EventType "swiss"]
[EventRounds "9"]
[EventCountry "SUI"]
[SourceTitle "CBM 028"]
[Source "ChessBase"]
[SourceDate "1992.06.01"]
[SourceVersion "1"]
[SourceVersionDate "1992.06.01"]
[SourceQuality "1"]

1. e4 {Ernst} e5 2. Nf3 Nc6 3. d4 exd4 4. Nxd4 Bc5 5. Nf5 $6 {The theory
does'nt approve this move, but some players, including Timman, like to use it.}
d6 (5... d5 {Theory gives a preference to this move.}) 6. Nxg7+ Kf8 7. Nh5 Qh4
8. Ng3 Qf6 $5 (8... Nf6 $5 {Natural} 9. Be2 Ne5 {with the threat 10...Ng4
looks even stronger. But the move 8...Qf6 certainly leads White away from home
analysis.} (9... Ne5 {Ernst} 10. b4 $5 Bxb4+ 11. c3 Bc5 12. Ba3 Nxe4 $17 {
Timman - Borm, Holland 1985.})) 9. Qd2 h5 10. Qf4 h4 11. Ne2 h3 12. Nbc3 $15 (
12. gxh3 Bxh3 $15) 12... Nb4 13. Kd1 Bxf2 14. gxh3 Qxf4 15. Nxf4 Ne7 16. Bg2
Rg8 17. Rf1 Bd4 18. Nce2 Be5 19. Ng3 Ng6 20. c3 Nxf4 21. Bxf4 Bxf4 22. Rxf4 Nd3
23. Rh4 Nxb2+ $17 {Black obtained a solid positionel advantage. The game is
practically over.} 24. Ke2 Nc4 25. Kf2 Ne5 26. Ne2 Ke7 27. Nf4 Be6 28. Nd5+
Bxd5 29. exd5 Rh8 30. Rxh8 Rxh8 31. Bf1 Rh4 32. Rb1 b6 33. Rb4 Rh5 34. Kg3 Rg5+
35. Kf2 Rf5+ 36. Kg1 a5 37. Re4 Rf3 38. c4 Ra3 39. Re2 Rc3 40. h4 Kf8 41. Re4
Rc2 42. Be2 Rxa2 0-1

[Event "Reggio Emilia 9495 37th"]
[Site "Reggio Emilia"]
[Date "1994.??.??"]
[Round "1"]
[White "Godena, Michele"]
[Black "Romanishin, Oleg M"]
[Result "0-1"]
[WhiteElo "2485"]
[BlackElo "2605"]
[Annotator "Kortschnoj,V"]
[PlyCount "62"]
[EventDate "1994.12.??"]
[EventType "tourn"]
[EventRounds "11"]
[EventCountry "ITA"]
[EventCategory "10"]
[SourceTitle "CBM 045"]
[Source "ChessBase"]
[SourceDate "1995.04.01"]
[SourceVersion "1"]
[SourceVersionDate "1995.04.01"]
[SourceQuality "1"]

1. e4 e5 2. Nf3 Nc6 3. d4 exd4 4. Nxd4 Bc5 5. Be3 Qf6 6. c3 Qg6 $5 7. Nxc6 (7.
Nb5 Bxe3 8. fxe3 $13) 7... Bxe3 8. Nd4 Bxd4 9. Qxd4 Ne7 10. Nd2 O-O $10 11. Qe5
Nc6 12. Qg3 (12. Qxc7 d5 $1 $44) 12... Re8 13. Qxg6 hxg6 14. O-O-O d6 15. f3
Ne5 16. Be2 (16. Nc4 $10) 16... Be6 17. a3 f5 18. f4 Nd7 19. exf5 Bxf5 20. Bc4+
Kf8 21. Nf3 Nf6 $15 22. Nd4 Re7 23. Rhe1 Rae8 24. Rxe7 Rxe7 25. Bd3 Ne4 26.
Bxe4 $6 (26. Nxf5 gxf5 27. Bc2 $15) 26... Rxe4 27. g3 $6 (27. Rf1 $15) 27...
Bg4 28. Rd2 Re1+ $17 29. Kc2 a6 30. Rf2 $6 (30. b4 c5 $17) 30... c5 31. Kd2 $4
(31. Nb3 Bf5+ 32. Kd2 Rb1 33. Ke3 b6 34. c4 a5 35. a4 Bd7 $17) 31... Rd1+ 0-1

[Event "Las Palmas"]
[Site "Las Palmas"]
[Date "1996.12.16"]
[Round "6"]
[White "Kasparov, Garry"]
[Black "Topalov, Veselin"]
[Result "1/2-1/2"]
[WhiteElo "2785"]
[BlackElo "2750"]
[Annotator "Kramnik,V"]
[PlyCount "56"]
[EventDate "1996.12.08"]
[EventType "tourn"]
[EventRounds "10"]
[EventCountry "ESP"]
[EventCategory "21"]
[SourceTitle "CBM 057"]
[Source "ChessBase"]
[SourceDate "1997.04.01"]
[SourceVersion "1"]
[SourceVersionDate "1997.04.01"]
[SourceQuality "1"]

1. e4 {Dolmatov Shamkovich} e5 2. Nf3 Nc6 3. d4 {Scotch game has is one of the
Kasparov's favorites} exd4 4. Nxd4 Bc5 5. Nxc6 Qf6 6. Qd2 dxc6 7. Nc3 Ne7 8.
Qf4 (8. Na4 {Dolmatov} Bd6 9. f4 O-O 10. Bd3 Ng6 11. g3 Re8 12. Qe2 Bb4+ 13. c3
Bf8 14. Be3 Bh3 15. Nc5 Bxc5 16. Bxc5 $10 {Gluzman,A-Romanishin,O/Moscow/1994/}
) 8... Ng6 (8... Qxf4 {Dolmatov} 9. Bxf4 Bd6 $5 10. Bxd6 (10. e5 Bb4 $132)
10... cxd6 11. O-O-O Kd7 $10) 9. Qxf6 gxf6 10. Bd2 (10. Na4 Bd6 11. Be3 f5 12.
exf5 Bxf5 13. O-O-O O-O-O {Play is even, Relange,E-Onischuk,A/WchJ-U20 Halle/
1995}) (10. f4 $5 {Dolmatov} f5 11. Bd3 Nh4 12. g3 Nf3+) 10... Rg8 11. Na4 (11.
f4 {Dolmatov} Nh4 12. Na4 Bd6 13. Kf2 b5 14. g3 bxa4 15. gxh4 Rb8 16. b3 $14)
11... Bd6 12. O-O-O Be6 13. Nc3 (13. f3 $6 {Dolmatov} Bxa2) 13... O-O-O 14. g3
(14. f3 $6 {Dolmatov} Nh4) 14... Bg4 (14... f5 $2 15. Bg5 {is good for White})
15. Be2 Ne5 16. Bf4 (16. f4 {Dolmatov} Bxe2 17. Nxe2 Ng4 18. Rdf1 (18. Rhf1
Nxh2 19. Rh1 Ng4 20. Rxh7 Nf2 21. Rf1 Nxe4) (18. Be1 Rde8 19. Nc3 Bb4 20. h3
Ne3 (20... Bxc3 21. hxg4 Bxe1 22. Rdxe1 Rxg4 23. Rxh7 Rxg3 24. Rxf7 $16) 21.
Rd3 Nc4 $13) 18... Bc5) 16... Bh3 $5 {after} (16... Bxe2 17. Nxe2 Bc5 18. Rxd8+
(18. Bxe5 {Dolmatov} fxe5 19. f3 Rd6 20. c3 Be3+ 21. Kc2 Rgd8 $10) 18... Rxd8
19. Bxe5 fxe5 20. Rf1 {the ending is even}) 17. Bh5 Bc5 18. Rxd8+ Rxd8 19. Nd1
Bg2 20. Re1 Nf3 (20... Bb4 $5 {Dolmatov} 21. Nc3 $8 (21. Re2 $2 Bf1 $17) 21...
Rd4 $5 (21... Bc5) (21... Bxc3 22. bxc3 Bf3 $2 23. Bxe5 Bxh5 24. Bxf6 $16) 22.
Rg1 Bxe4 23. Nxe4 Rxe4 24. Bxe5 Rxe5 25. Bxf7 Re2 $15) 21. Re2 Ng1 $1 {the
only way to keep the position balanced} (21... Nxh2 $5 {Dolmatov} 22. e5 (22.
f3 $2 Bxf3 23. Rxh2 Rxd1#) 22... fxe5 23. Rxe5 Bd6 24. Rf5 $14) 22. Bg4+ Kb8
23. Rd2 Rxd2 24. Kxd2 Bxe4 25. Nc3 Bg2 26. Be3 Be7 27. Bh5 (27. h4 $5 {Dolmatov
} Nf3+ 28. Ke2 Ng1+ (28... Ne5 29. Bf5 $14) 29. Kd2 Nf3+ 30. Kc1 Ne5 31. Bf5)
27... Nf3+ 28. Ke2 Ng1+ 1/2-1/2

[Event "Rubinstein Memorial 34th"]
[Site "Polanica Zdroj"]
[Date "1997.??.??"]
[Round "6"]
[White "Rublevsky, Sergei"]
[Black "Aleksandrov, Aleksej"]
[Result "1-0"]
[WhiteElo "2650"]
[BlackElo "2660"]
[Annotator "Krasenkow,M"]
[PlyCount "93"]
[EventDate "1997.08.19"]
[EventType "tourn"]
[EventRounds "11"]
[EventCountry "POL"]
[EventCategory "16"]
[SourceTitle "CBM 061"]
[Source "ChessBase"]
[SourceDate "1997.11.23"]
[SourceVersion "1"]
[SourceVersionDate "1997.11.23"]
[SourceQuality "1"]

1. e4 e5 2. Nf3 Nc6 3. d4 exd4 4. Nxd4 Nf6 5. Nxc6 bxc6 6. e5 Qe7 7. Qe2 Nd5 8.
c4 Ba6 9. g3 d6 $6 $146 10. Bg2 (10. exd6 cxd6 11. Qxe7+ Nxe7 $11) 10... dxe5
11. O-O e4 (11... O-O-O 12. Qg4+) (11... g6 12. b4 $5 (12. Qc2 Nb4 13. Qa4
O-O-O 14. a3 $16) 12... Nxb4 13. a3 Nd5 14. Qc2 $16) 12. Qc2 (12. Bxe4 f5 13.
Bf3 Qxe2 14. Bxe2 Nb4 $13) 12... Nb4 (12... Nb6 13. Bxe4 O-O-O 14. b3 $16) (
12... Nf6 13. Nd2 O-O-O 14. Nxe4 $16) 13. Qa4 Bb7 (13... Bxc4 14. a3) 14. Nc3
f5 15. Bf4 {/\16.Nd5} g5 16. Be3 Bg7 (16... Nd3 17. g4 $1 (17. Nd5 Qg7 (17...
Nxb2 18. Qb3) (17... Qe5 18. Bxg5 $16)) 17... Nf4 18. gxf5 (18. Nd5 Qe5 $13)
18... Nxg2 19. Kxg2 Qe5 (19... Bg7 20. c5 Bxc3 21. bxc3 O-O $2 22. Qb3+ Qf7 23.
Qxb7 Qxf5 24. Qxc7 $18) 20. c5 Qxf5 21. Qxe4+ Qxe4+ 22. Nxe4 $16) 17. Qa5 (17.
Bxg5 Qxg5 18. Qxb4 O-O-O $13) 17... Nc2 18. Bc5 Qe5 19. Rad1 Bf8 20. Na4 Bc8
21. a3 (21. Rd2 Bxc5 22. Nxc5 Nd4 23. b4 $16) (21. Qd2 Bxc5 22. Nxc5 O-O 23.
Qxg5+ (23. Nb3 e3) 23... Qg7 $16) 21... Be6 (21... Bxc5 22. Qxc5 Qxc5 23. Nxc5
Rb8 24. Rd2 Rxb2 25. Rc1 $18) (21... f4 22. Rd2 f3 23. Bh1 Bxc5 24. Qxc5 Qxc5
25. Nxc5 e3 26. fxe3 $18) 22. Rd2 Bxc4 23. Rc1 Bb3 24. Rdxc2 Bxc2 25. Rxc2 $18
Rd8 26. Bf1 h5 27. Qa6 Rh6 28. Bxa7 h4 29. Rxc6 Bd6 30. Qc4 (30. Rxc7 hxg3 31.
hxg3 f4 32. Qc6+ Kf8 33. Bc4 Rf6 34. Rc8 $18) 30... hxg3 31. hxg3 f4 32. Nc3
fxg3 33. Qxe4 gxf2+ 34. Bxf2 Re6 35. Qh7 Rd7 36. Qh5+ Kd8 37. Ra6 Rf7 38. Bc4 (
38. Rxd6+) 38... Qf4 39. Ra8+ Kd7 40. Bxe6+ Kxe6 41. Re8+ Kd7 42. Re2 g4 43.
Ne4 g3 44. Qb5+ c6 45. Qb7+ Kd8 46. Bb6+ Bc7 47. Qb8+ 1-0

[Event "Poikovsky Karpov 10th"]
[Site "Poikovsky"]
[Date "2009.06.12"]
[Round "9"]
[White "Rublevsky, Sergei"]
[Black "Naiditsch, Arkadij"]
[Result "1-0"]
[WhiteElo "2702"]
[BlackElo "2700"]
[Annotator "Kritz,L"]
[PlyCount "109"]
[EventDate "2009.06.03"]
[EventType "tourn"]
[EventRounds "9"]
[EventCountry "RUS"]
[EventCategory "18"]
[SourceTitle "CBM 131"]
[Source "ChessBase"]
[SourceDate "2009.07.15"]
[SourceVersion "1"]
[SourceVersionDate "2009.07.15"]
[SourceQuality "1"]

1. e4 e5 2. Nf3 Nc6 3. d4 {Schottisch ist eine gute Wahl, wenn man sich nicht
mit langen theoretischen Varianten der Spanischen Partie auseinandersetzen
will.} exd4 4. Nxd4 Bc5 {Dies gilt als die Hauptfortsetzung, wenn man
Ausgleich anstrebt.} ({Zu kämpferischem Spiel führt} 4... Nf6 5. Nxc6 bxc6 6.
e5 Qe7 7. Qe2 Nd5 8. c4 {Und nun kann Schwarz entscheiden, ob er gleich den
Springer zurückzieht oder mit dem Rückzug abwartet.} Ba6 (8... Nb6 9. Nc3 Qe6
10. Qe4 $132) 9. b3 g6 10. f4 $132) ({Eine wenig erforschte, aber spielbare
Fortsetzung ist} 4... Bb4+ 5. c3 Bc5 6. Be3 Bb6 $13 {Die Idee, warum Schwarz
zuerst das Schach gibt, ist, dass man dadurch dem weißen Springer das Feld c3
nimmt. Ansonsten würde in dieser Stellung 7.Nc3 folgen.}) ({Nicht
empfehlenswert ist} 4... Qh4 $6 5. Nc3 Bb4 6. Be2 Qxe4 7. Ndb5 Bxc3+ 8. bxc3
Kd8 9. O-O $44 {Die weiße Dauerkompensation ist stark genug, um Schwarz vor
Probleme zu stellen.}) 5. Nxc6 (5. Be3 {ist die andere mögliche Fortsetzung.}
Qf6 6. c3 (6. Nb5 $6 Bxe3 7. fxe3 Qh4+ 8. g3 Qd8 9. Qg4 g6 10. Qf4 d6 11. Bc4
Ne5 12. O-O Bh3 13. Bxf7+ Kd7 14. N1c3 g5 $17 {Wang Hao - Harikrishna (Tiayuan,
2005)}) 6... Nge7 7. Bc4 Ne5 8. Be2 Qg6 9. O-O d6 10. f3 O-O $11 {und Schwarz
sollte keine Schwierigkeiten haben.}) 5... Qf6 6. Qf3 {Diese Variante wird ab
und zu verwendet. Sie ist relativ ungefährlich, doch die daraus entstehenden
Stellungen sind giftig und verlangen von beiden Seiten höchste Konzentration.}
(6. Qd2 {gilt als Hauptzug} dxc6 7. Nc3 {Schwarz hat eine Reihe an
Möglichkeiten, die zu interessantem Spiel führen.} Ne7 (7... Be6 8. Na4 Rd8 9.
Bd3 Bd4 10. O-O b5 11. Nc3 Ne7 12. a4 a6 $132 13. axb5 axb5 14. Kh1 O-O 15. f4
Qh4 16. Ne2 Bb6 17. f5 Bc4 18. b3 Bxd3 19. cxd3 c5 20. Bb2 $14 {Ivanchuk -
Amonatov (Odessa, 2007)}) (7... Bd4 8. Bd3 Ne7 9. O-O Ng6 10. Kh1 Ne5 11. Be2
Ng4 12. Nd1 O-O $132 {Morozevich - Tkachiev (Cannes, 2001)}) 8. Qf4 Qd6 (8...
Ng6 9. Qxf6 gxf6 10. Bd2 Rg8 11. Na4 Bd6 12. O-O-O Be6 13. Nc3 O-O-O 14. g3 Bg4
15. Be2 Ne5 $132 {Kasparov - Topalov (Las Palmas, 1996)}) (8... Be6 9. Qxf6
gxf6 10. f4 f5 11. Bd2 O-O-O 12. O-O-O Rhg8 13. g3 h5 14. Bh3 h4 $132 {Anand -
Shirov (Linares, 1997)}) 9. Be2 Ng6 10. Qg3 f5 11. f4 Qd4 $132 {Kasparov -
Anand (Frankfurt, 1999)}) 6... dxc6 7. Bc4 (7. Nc3 Be6 8. Qg3 O-O-O 9. Be3 (9.
Bg5 $2 Bxf2+ 10. Qxf2 Qxg5 $19) 9... Bd4 (9... Ba3 $2 10. Bg5 Qg6 11. bxa3 $18)
10. Bxd4 Rxd4 11. f4 Ne7 12. Bd3 Rhd8 (12... Kb8 13. O-O Rdd8 14. f5 Bc8 15. e5
$16 {Motylev - Romanov (Krasnoyarsk, 2007)}) 13. O-O {Nataf - Thorfinnsson 
(Reykjavik, 2009)} g6 $1 $132) 7... Ne7 (7... Qxf3 $6 {Üblicherweise sollte
Schwarz auf das Nehmen auf f3 verzichten, denn dadurch wird das weiße Zentrum
gestärkt.} 8. gxf3 Be6 9. Bxe6 fxe6 10. h4 Nf6 11. h5 O-O 12. Be3 Bd6 13. Nd2
Nd7 14. Ke2 Rf6 15. Rag1 $14 {Zvjaginsev - Khairullin (Sochi, 2007)}) 8. Qxf6 (
{Nichts bringt Weiß die Entwicklung des Springers nach d2:} 8. Nd2 Ng6 9. Qxf6
gxf6 10. Nb3 Bb6 11. a4 a5 12. Bd2 Rg8 13. Bc3 Ne5 14. Bf1 Be6 $132 {Nataf -
Gustafsson (Bremen, 2005)}) 8... gxf6 9. Bf4 Bb6 (9... Bd6 $5 {sieht ebenfalls
sehr solide aus.} 10. Be3 (10. Bxd6 $6 {Weiß verbessert die schwarze
Bauernstruktur.} cxd6 11. Nc3 Be6 12. Bd3 O-O-O 13. f4 f5 $11 {Schwarz hatte
keine Probleme in Savchenko - Zvjaginsev (Sochi, 2007)}) 10... Ng6 11. Nd2 f5
$132 {Szabo - Romanishin (Bucharest, 2008)}) 10. Nc3 (10. Nd2 {Die Entwicklung
des Springers nach d2 bringt üblicherweise keine Vorteile für Weiß.} Ng6 11.
Bg3 h5 12. h4 Be6 13. Rd1 Ke7 14. Ke2 Rad8 15. Bb3 f5 16. exf5 Bxf5 17. Rhe1
Rhe8 $11 {Ni Hua - Sargissian (Turin, 2006)}) 10... Ng6 11. Bg3 h5 $1 {Durch
diesen Bauerzug will Schwarz den weißen Bauern nach h4 locken.} 12. h4 (12. h3
h4 13. Bh2 Rg8 $132) (12. f3 Be6 13. Bxe6 fxe6 14. Bf2 Ba5 $11) 12... Ne5 ({
Auch nach} 12... Be6 13. Bxe6 fxe6 {hat Schwarz gutes Spiel.} 14. O-O-O Rg8 15.
Rd3 Rd8 16. Rxd8+ Kxd8 17. Na4 f5 18. Nxb6 axb6 19. exf5 exf5 20. Kd2 (20. Rd1+
$6 Kc8 $15 {Vyskocil - Roussel Roozmon (Brno, 2008)}) 20... f4 21. Bh2 Nxh4 22.
Bxf4 Nxg2 23. Bg3 h4 24. Bxh4+ Nxh4 25. Rxh4 Kd7 $11) 13. Be2 (13. Bxe5 $6 {
Den schwarzfeldrigen Läufer sollte man nicht geben.} fxe5 14. O-O Bd4 $15)
13... Be6 14. Na4 Ba5+ (14... Ke7 $5 {Es wäre auch möglich, den Läufer b6 zu
geben.} 15. Nxb6 axb6 16. a3 Ra4 17. f3 Rg8 $132) 15. c3 O-O-O 16. Nc5 Bb6 (
16... Bg4 17. f3 Be6 18. Nxe6 fxe6 19. Rd1 Rhg8 20. Bxe5 fxe5 21. g4 $14) 17.
Nxe6 fxe6 18. Rd1 Rdg8 19. Rh3 $6 {Jetzt wäre Zeit für den Übergang ins
Endspiel mit ungleichfarbigen Läufern.} (19. Bxe5 $1 {Mit dem Bauern auf h5
ist kein Zweifel am weißen Vorteil.} fxe5 20. g3 Rg7 21. Rd3 Rf7 22. Rf3 Rd7
23. Rf6 $16) 19... Ng4 $1 {Schwarz lässt den Tausch nicht mehr zu, jetzt hat
Weiß keinen guten Plan mehr.} 20. Bd3 Rg7 21. Rd2 Rd8 22. Ke2 Rgd7 $11 {
Die Stellung ist ausgeglichen, Schwarz hat alle seine Figuren aktivieren
können.} 23. Rd1 e5 (23... Kb8 $2 {Sieht prophyilaktisch aus, gerichtet gegen
24.Bc2. Doch Weiß kann sich trotzdem entfesseln:} 24. Bc2 $1 Bxf2 $6 25. Rxd7
Rxd7 {Es gibt zwar keinen Bb3 mehr, mit der Idee Bxe6, dafür nutzt Weiß die
Tatsache aus, dass der schwarze König sich zu weit vom Königsflügel bewegt hat.
} 26. Bxf2 $1 Nxf2 27. Kxf2 Rd2+ 28. Kf3 Rxc2 29. g4 hxg4+ 30. Kxg4 Rxb2 31. h5
Rg2+ 32. Kf4 Kc8 33. h6 Rg8 34. h7 Rh8 35. e5 $18) 24. Bc2 Rd6 (24... Rxd1 25.
Bxd1 Bxf2 26. Bb3 (26. Bxf2 Nxf2 27. Kxf2 Rxd1 $15) 26... Be3 27. Be6+ Kb8 28.
Be1 Bf4 29. Rd3 $1 $16 {Die Schwäche des Bauern h5 sorgt dafür, dass trotz des
Minusbauern nur Weiß auf Sieg spielen kann.}) 25. Bb3 Kd7 $1 {Das ist der
richtige Plan - der König muss zum Königsflügel überführt werden.} 26. Rxd6+
cxd6 27. Bf7 Rh8 28. Kf3 {Weiß hat den Übergang ins Turmendspiel geplant, das
er risikofrei spielen kann.} Ke7 29. Bxh5 $1 Nxf2 $1 (29... Rxh5 30. Kxg4 $18)
30. Bxf2 Bxf2 (30... Rxh5 31. g4 $1 {Das Sicherste für Weiß ist es, die
gegnerische Bauern nicht zu verdoppeln, weil Schwarz bei Gelegenheit über die
a-Linie aktiv werden kann.} (31. Bxb6 axb6 32. c4 Rh8 33. h5 Ke6 34. g4 Kf7 35.
Kf2 Ra8 36. a3 Ra4 $13) 31... Rh8 32. h5 $14) 31. Kxf2 Rxh5 32. g4 Rh7 {
Der Turm muss auf der 7. Reihe bleiben, um die Bauern b7 und a7 verteidigen zu
können.} 33. c4 $1 (33. Kf3 d5 $11 {Weiß kommt nicht mehr voran.}) 33... Ke6
34. h5 d5 $2 {Wenn Schwarz einfach stehen bleibt, kann Weiß nicht viel machen.}
(34... Rg7 35. Kf3 Ke7 $11) 35. cxd5+ cxd5 36. exd5+ Kxd5 37. Ke3 Ke6 38. Ke4
Kf7 $2 {Schwarz verhält sich zu passiv.} (38... Rg7 39. Rh4 Rg8 $1 $11 {
Schwarz muss in der Lage sein, das Endspiel zu halten.} (39... Rxg4+ $2 40.
Rxg4 f5+ 41. Kf3 fxg4+ 42. Kxg4 Kf6 43. Kf3 Kg5 44. Ke4 Kxh5 45. Kxe5 Kg4 46.
Kd6 Kf3 47. Kc7 b5 48. b4 $18)) 39. Rc3 (39. Ra3 $5 {Ich denke, Weiß bekommt
hier einen ausreichenden Vorteil.} Rg7 (39... a6 40. Rb3 b5 41. Rc3 $18) 40.
Kf3 f5 (40... a6 41. Rb3 $18) 41. gxf5 Kf6 42. Rxa7 Kxf5 43. Ra4 $16) 39... Ke6
40. Rh3 Kf7 41. g5 $5 {Ein interessanter Versuch.} fxg5 42. Kf5 Rh6 (42... g4
$1 43. Kxg4 Kf6 44. Rf3+ Ke6 45. Kg5 Rg7+ 46. Kh4 e4 $11) 43. Kxg5 Ra6 44. Rb3
Rxa2 (44... b6 45. Rf3+ Kg8 46. Rc3 Rxa2 47. Rc8+ Kh7 48. Rc7+ Kg8 49. Kg6 Kf8
50. h6 Rxb2 51. Rc8+ Ke7 52. h7 $18) 45. Rxb7+ Kg8 (45... Ke6 46. h6 Ra1 47. h7
Rh1 48. Rxa7 $18) 46. Kf5 Ra1 47. Kxe5 a5 (47... Ra5+ 48. Kf6 Rxh5 49. Kg6 $18)
(47... Rh1 48. Kf6 $1 (48. Rxa7 Rxh5+ 49. Kd4 Rb5 50. Kc3 Kf8 51. b4 Ke8 52.
Kc4 Rh5 53. b5 Kd8 $11) 48... a5 $1 (48... Rxh5 49. Kg6 $18) 49. Rg7+ Kh8 50.
Ra7 Rh2 51. b3 Rh3 52. Rb7 Kg8 $13 {Vielleicht kann Schwarz Remis halten.}) 48.
Kd4 a4 49. Kc3 a3 50. b4 Kf8 51. Kb3 Rh1 52. Kxa3 Rxh5 53. Rd7 Ke8 54. Rd4 Rh7
55. Ka4 1-0